000 00495nam a2200193Ia 4500
003 GCL
008 140319s9999 xx 000 0 ara d
040 _aGCL /
_cGCL
082 0 4 _a813.01
_bن ث
100 1 _aنبيل خورى
245 1 0 _aثلاثية فلسطين /
_cنبيل خورى
300 _a262 ص
490 _a100 قصة
_v0
650 0 4 _aالادب العربى
650 0 4 _aالقصص العربية
650 0 4 _aفلسطين
650 0 4 _aالقصة
942 _2ddc
_cBK
999 _c44972
_d44972